00914cam a2200277 a 450000100100000000500170001000800410002702000240006802000310009204000230012308200210014624500860016726000780025330000270033150000350035865000440039365000210043770000240045870000190048270000260050170000240052770000250055170000200057670000200059671000200061600000312920200929150334.0960508s1995 ck c b 001 m spa  a9589430015 (tomo 1) a9589430007 (obra completa) aDO-SdBNPcDLCdDLC a792.09861bA634t00aAntología del teatro experimental en Bogotá /cFernando Duque Mesa...[et al]. aSantafé de Bogotá :bInstituto Distrital de Cultura y Turismo,c1995. at. :bretrs. ;c24 cm. aLa biblioteca posee el tomo 1. 4aTeatro experimentalzColombiaxHistoria 4aDrama colombiano1 aGarcía, Santiago.1 aAssad, José.1 aReyes, Carlos José.1 aTorres, Críspulo.1 aAfanador Soto, Hugo.1 aMoreu, Darío.1 aPizarro, Mabel.2 aTeatro Quimera.